000 00547nam a22002057a 4500
003 OSt
005 20140310182928.0
008 130130t xxu||||| |||| 00| 0 eng d
020 _a9789718857359
050 _aPL5539
_b.L378 2008
082 _aFIL 899.210301
_bL373 2008
245 _aOngpin stories
_cLaurel, Kwan
260 _aIntramuros, Manila :
_bKaisa Para sa Kaunlaran,
_c2008.
300 _a122 p. ;
_c20 cm.
521 _acollege students
526 _c1210L-1700L
541 _j1
562 _e1
942 _2lcc
_cBK
_kFIL
999 _c17458
_d17458